<?xml version="1.0" encoding="UTF-8"?>
<record
    xmlns:xsi="http://www.w3.org/2001/XMLSchema-instance"
    xsi:schemaLocation="http://www.loc.gov/MARC21/slim http://www.loc.gov/standards/marcxml/schema/MARC21slim.xsd"
    xmlns="http://www.loc.gov/MARC21/slim">

  <leader>01985nam a2200361 i 4500</leader>
  <controlfield tag="001">000000753</controlfield>
  <controlfield tag="003">DO-SdBNP</controlfield>
  <controlfield tag="005">20260309110007.0</controlfield>
  <controlfield tag="007">ta</controlfield>
  <controlfield tag="008">090509s1999    dr c          000 0bspa d</controlfield>
  <datafield tag="040" ind1=" " ind2=" ">
    <subfield code="a">DO-SdBNP</subfield>
    <subfield code="b">spa</subfield>
    <subfield code="c">BNPHU</subfield>
    <subfield code="e">rda</subfield>
  </datafield>
  <datafield tag="041" ind1=" " ind2=" ">
    <subfield code="a">spa</subfield>
  </datafield>
  <datafield tag="082" ind1=" " ind2="4">
    <subfield code="a">923.17293</subfield>
    <subfield code="b">B171r</subfield>
    <subfield code="2">22</subfield>
  </datafield>
  <datafield tag="100" ind1="1" ind2=" ">
    <subfield code="a">Ram&#xED;rez Morillo, Belarminio,</subfield>
    <subfield code="e">autor</subfield>
    <subfield code="d">1964-</subfield>
    <subfield code="4">aut.</subfield>
    <subfield code="9">2520</subfield>
  </datafield>
  <datafield tag="245" ind1="1" ind2="0">
    <subfield code="a">Joaqu&#xED;n Balaguer :</subfield>
    <subfield code="b">la escuela del poder, su biograf&#xED;a, su pensamiento, su obra /</subfield>
    <subfield code="c">Belarminio Ram&#xED;rez Morillo.</subfield>
  </datafield>
  <datafield tag="264" ind1=" " ind2="1">
    <subfield code="a">Santo Domingo :</subfield>
    <subfield code="b">Instituto de Formaci&#xF3;n Pol&#xED;tica,</subfield>
    <subfield code="c">1999.</subfield>
  </datafield>
  <datafield tag="300" ind1=" " ind2=" ">
    <subfield code="a">240 p&#xE1;ginas :</subfield>
    <subfield code="b">retratos ;</subfield>
    <subfield code="c">22 cm.</subfield>
  </datafield>
  <datafield tag="336" ind1=" " ind2=" ">
    <subfield code="a">texto</subfield>
    <subfield code="b">txt</subfield>
    <subfield code="2">rdacontent</subfield>
  </datafield>
  <datafield tag="337" ind1=" " ind2=" ">
    <subfield code="a">sin mediaci&#xF3;n</subfield>
    <subfield code="b">n</subfield>
    <subfield code="2">rdamedia</subfield>
  </datafield>
  <datafield tag="338" ind1=" " ind2=" ">
    <subfield code="a">volumen</subfield>
    <subfield code="b">nc</subfield>
    <subfield code="2">rdacarrier</subfield>
  </datafield>
  <datafield tag="500" ind1=" " ind2=" ">
    <subfield code="a">Incluye &#xED;ndice onom&#xE1;stico</subfield>
  </datafield>
  <datafield tag="500" ind1=" " ind2=" ">
    <subfield code="a">Incluye referencias bibliogr&#xE1;ficas y notas al pie de las p&#xE1;ginas</subfield>
  </datafield>
  <datafield tag="504" ind1=" " ind2=" ">
    <subfield code="a">Bibliograf&#xED;a : p&#xE1;ginas 231-236</subfield>
  </datafield>
  <datafield tag="505" ind1="2" ind2=" ">
    <subfield code="a">Presentaci&#xF3;n --</subfield>
    <subfield code="t">Pr&#xF3;logo --</subfield>
    <subfield code="t">Introducci&#xF3;n --</subfield>
    <subfield code="g">Cap&#xED;tulo 1.</subfield>
    <subfield code="t">Ra&#xED;ces geneal&#xF3;gicas de la familia Balaguer-Ricardo --</subfield>
    <subfield code="g">Cap&#xED;tulo 2.</subfield>
    <subfield code="t">P&#xE9;rfiles de su personalidad --</subfield>
    <subfield code="g">Cap&#xED;tulo 3.</subfield>
    <subfield code="t">El reloj de la historia --</subfield>
    <subfield code="g">Cap&#xED;tulo 4.</subfield>
    <subfield code="t">Balaguer en la era de Trujillo --</subfield>
    <subfield code="g">Cap&#xED;tulo 5.</subfield>
    <subfield code="t">Balaguer y el proceso de democratizaci&#xF3;n --</subfield>
    <subfield code="g">Cap&#xED;tulo 6.</subfield>
    <subfield code="t">El exilio --</subfield>
    <subfield code="g">Cap&#xED;tulo 7.</subfield>
    <subfield code="t">La campa&#xF1;a electoral de 1966 --</subfield>
    <subfield code="g">Cap&#xED;tulo 8.</subfield>
    <subfield code="t">Balaguer y la transici&#xF3;n democr&#xE1;tica --</subfield>
    <subfield code="g">Cap&#xED;tulo 9.</subfield>
    <subfield code="t">Perfiles del Balaguer pol&#xED;tico --</subfield>
    <subfield code="g">Cap&#xED;tulo 10.</subfield>
    <subfield code="t">El regreso de Balaguer --</subfield>
    <subfield code="t">Bibliograf&#xED;a --</subfield>
    <subfield code="t">&#xCD;ndice Onom&#xE1;stico.</subfield>
  </datafield>
  <datafield tag="590" ind1=" " ind2=" ">
    <subfield code="a">Inventariado,2018/DG</subfield>
  </datafield>
  <datafield tag="600" ind1="1" ind2="0">
    <subfield code="a"> Balaguer, Joaqu&#xED;n,</subfield>
    <subfield code="d">1906-2002</subfield>
    <subfield code="9">76556</subfield>
  </datafield>
  <datafield tag="600" ind1="1" ind2="0">
    <subfield code="a"> Balaguer, Joaqu&#xED;n,</subfield>
    <subfield code="d">1906-2002</subfield>
    <subfield code="x">Pensamiento pol&#xED;tico </subfield>
    <subfield code="9">76556</subfield>
  </datafield>
  <datafield tag="651" ind1=" " ind2="4">
    <subfield code="a">Rep&#xFA;blica Dominicana</subfield>
    <subfield code="x">Pol&#xED;tica y gobierno</subfield>
    <subfield code="y">1930-1961</subfield>
    <subfield code="9">479</subfield>
  </datafield>
  <datafield tag="651" ind1=" " ind2="4">
    <subfield code="a">Rep&#xFA;blica Dominicana</subfield>
    <subfield code="x">Pol&#xED;tica y gobierno</subfield>
    <subfield code="y">1961-</subfield>
    <subfield code="9">204</subfield>
  </datafield>
  <datafield tag="651" ind1=" " ind2="4">
    <subfield code="a">Rep&#xFA;blica Dominicana</subfield>
    <subfield code="y">Era de Trujillo, 1930-1961</subfield>
    <subfield code="9">2577</subfield>
  </datafield>
  <datafield tag="910" ind1=" " ind2=" ">
    <subfield code="a">Validado. Control de calidad MMOLINA</subfield>
  </datafield>
  <datafield tag="942" ind1=" " ind2=" ">
    <subfield code="2">ddc</subfield>
    <subfield code="c">LBS1</subfield>
  </datafield>
  <datafield tag="952" ind1=" " ind2=" ">
    <subfield code="0">0</subfield>
    <subfield code="1">0</subfield>
    <subfield code="2">ddc</subfield>
    <subfield code="5">1</subfield>
    <subfield code="7">0</subfield>
    <subfield code="8">PD</subfield>
    <subfield code="a">BNPHU</subfield>
    <subfield code="b">BNPHU</subfield>
    <subfield code="c">HD</subfield>
    <subfield code="d">2009-08-25</subfield>
    <subfield code="l">0</subfield>
    <subfield code="o">BNPHU PD 923.17293 B171r</subfield>
    <subfield code="p">753-10</subfield>
    <subfield code="r">2020-06-25</subfield>
    <subfield code="w">2020-06-25</subfield>
    <subfield code="y">LBS1</subfield>
    <subfield code="Z">No se presta</subfield>
  </datafield>
  <datafield tag="999" ind1=" " ind2=" ">
    <subfield code="c">749</subfield>
    <subfield code="d">749</subfield>
  </datafield>
</record>
